| 000 | 00349nam a2200133Ia 4500 | ||
|---|---|---|---|
| 008 | 230917s9999||||xx |||||||||||||| ||und|| | ||
| 040 |
_e105141 _aMAIN |
||
| 041 | _aEnglish | ||
| 082 | _a150 D46M | ||
| 100 | _aDevinder Singh | ||
| 245 | 0 | _aMeasuerment of belief in veridity/ enviornment about human characteristics | |
| 300 | _a57 p. | ||
| 942 | _cTH | ||
| 999 |
_c88192 _d88192 |
||